| 000 | 00417nam a2200145Ia 4500 | ||
|---|---|---|---|
| 008 | 231129s1982||||xx |||||||||||||| ||spa|| | ||
| 020 | _a84-7166-576-X | ||
| 040 | _bspa | ||
| 082 | _aR 658.81 A425v (EN PROCESO DE DESCARTE) V.2 Ej. | ||
| 100 | _aAllen P. | ||
| 245 | 0 | _aVentas y direccion de ventas | |
| 260 | _c1982 | ||
| 264 | _aEspaƱa (Madrid) : Edaf | ||
| 942 |
_2ddc _cBKS |
||
| 999 |
_c26176 _d26176 |
||